Global property prices and trends (Record no. 119135)

MARC details
000 -LEADER
fixed length control field 01179cas a22002415 4500
001 - CONTROL NUMBER
control field L139823
008 - FIXED-LENGTH DATA ELEMENTS--GENERAL INFORMATION
fixed length control field 111114c2011 xxuar ws ss 0 a0eng u
035 ## - SYSTEM CONTROL NUMBER
System control number (Sirsi) u139823
041 0# - LANGUAGE CODE
Language code of text/sound track or separate title eng
050 ## - LIBRARY OF CONGRESS CALL NUMBER
Classification number 333.33 $2 18
110 2# - MAIN ENTRY--CORPORATE NAME
Corporate name or jurisdiction name as entry element NAI Global
9 (RLIN) 5315
245 00 - TITLE STATEMENT
Title Global property prices and trends
Medium [electronic resource]
260 ## - PUBLICATION, DISTRIBUTION, ETC.
Place of publication, distribution, etc. Princeton
Name of publisher, distributor, etc. NAI Global
Date of publication, distribution, etc. 2011
362 0# - DATES OF PUBLICATION AND/OR SEQUENTIAL DESIGNATION
Dates of publication and/or sequential designation 2011-
490 #0 - SERIES STATEMENT
Series statement NAI Global Property Prices and Trends
Volume/sequential designation 2011-
520 ## - SUMMARY, ETC.
Summary, etc. Charts property prices and trends across the key commercial markets for countries in the following regions: Asia Pacific; Europe, Middle East and Africa, Latin America and the Caribbean, and North America. Provides prime net rents and prime yields for offices, shops and industrial/warehouse property, rental rate charts. Also includes demographic and economic data for each country.
554 ## -
-- Annual
650 24 - SUBJECT ADDED ENTRY--TOPICAL TERM
Topical term or geographic name entry element NAI GLOBAL PROPERTY PRICES AND TRENDS
651 #4 - SUBJECT ADDED ENTRY--GEOGRAPHIC NAME
Geographic name International
690 ## - LOCAL SUBJECT ADDED ENTRY--TOPICAL TERM (OCLC, RLIN)
Topical term or geographic name as entry element PROPERTY-COMMERCIAL PROPERTY-COMMERCIAL PROPERTY MARKET
856 40 - ELECTRONIC LOCATION AND ACCESS
Uniform Resource Identifier <a href="https://www.naiglobal.com/GlobalPubs/default.aspx?pubType=NAID00000007">https://www.naiglobal.com/GlobalPubs/default.aspx?pubType=NAID00000007</a>
Public note View the item free of charge at www.naiglobal.com
942 ## - ADDED ENTRY ELEMENTS (KOHA)
Suppress in OPAC 0
Holdings
Withdrawn status Lost status Source of classification or shelving scheme Damaged status Not for loan Home library Current library Shelving location Date acquired Total Checkouts Full call number Barcode Date last seen Copy number Price effective from Koha item type
    Dewey Decimal Classification     Virtual Virtual Online 13/08/2007   ONLINE PUBLICATION 139823-2001 06/08/2019 1 06/08/2019 Book